Một số giải pháp nâng cao năng lực cạnh tranh của khu vực kinh tế tư nhân trên địa bàn thành phố Cần Thơ : Luận văn tốt nghiệp Thạc sĩ Kinh tế. Chuyên ngành Quản trị kinh doanh
Đề tài đề xuất một số giải pháp nhằm nâng cao năng lực cạnh tranh của doanh nghiệp kinh tế tư nhân ở TP. Cần Thơ
Guardat en:
| Autor principal: | |
|---|---|
| Format: | Llibre |
| Idioma: | Undetermined |
| Publicat: |
Cần Thơ
Trường Đại học Cần Thơ
2014
|
| Matèries: | |
| Etiquetes: |
Afegir etiqueta
Sense etiquetes, Sigues el primer a etiquetar aquest registre!
|
| Thư viện lưu trữ: | Trung tâm Học liệu Trường Đại học Cần Thơ |
|---|
| LEADER | 01142nam a2200229Ia 4500 | ||
|---|---|---|---|
| 001 | CTU_198771 | ||
| 008 | 210402s9999 xx 000 0 und d | ||
| 082 | |a 338.959793 | ||
| 082 | |b Th523 | ||
| 088 | |a 60340102 | ||
| 100 | |a Nguyễn, Thị Thúy | ||
| 245 | 0 | |a Một số giải pháp nâng cao năng lực cạnh tranh của khu vực kinh tế tư nhân trên địa bàn thành phố Cần Thơ : | |
| 245 | 0 | |b Luận văn tốt nghiệp Thạc sĩ Kinh tế. Chuyên ngành Quản trị kinh doanh | |
| 245 | 0 | |c Nguyễn Thị Thúy ; Huỳnh Thanh Nhã (Người hướng dẫn) | |
| 260 | |a Cần Thơ | ||
| 260 | |b Trường Đại học Cần Thơ | ||
| 260 | |c 2014 | ||
| 520 | |a Đề tài đề xuất một số giải pháp nhằm nâng cao năng lực cạnh tranh của doanh nghiệp kinh tế tư nhân ở TP. Cần Thơ | ||
| 650 | |a Economic development,Phát triển kinh tế | ||
| 650 | |z Vietnam,Việt Nam | ||
| 904 | |i Mai Minh Khoa (Thầy Hải) | ||
| 980 | |a Trung tâm Học liệu Trường Đại học Cần Thơ | ||